000108245 001__ 108245
000108245 005__ 20211108144135.0
000108245 037__ $$aTAZ-TFG-2021-1479
000108245 041__ $$aspa
000108245 1001_ $$aCaballero Valle, Raquel
000108245 24200 $$aEquine skin diseases in the geographical area of Zaragoza (Ebro River Middle Valley)
000108245 24500 $$aPatologías equinas cutáneas en el entorno geográfico de Zaragoza (Valle Medio del Ebro)
000108245 260__ $$aZaragoza$$bUniversidad de Zaragoza$$c2021
000108245 506__ $$aby-nc-sa$$bCreative Commons$$c3.0$$uhttp://creativecommons.org/licenses/by-nc-sa/3.0/
000108245 520__ $$aEn el ámbito de la clínica equina, no es fácil encontrar artículos especializados y actualizados sobre el campo de la dermatología, lo que dificulta el diagnóstico y tratamiento de las enfermedades cutáneas equinas.<br />La aparición de unas lesiones u otras dependerá de diversos factores tanto internos, tales como la edad, la raza o la presencia simultánea de otras enfermedades del caballo; como externos como la climatología, el hábitat o la alimentación. <br />Cada vez son más los propietarios que se interesan por los defectos dermatológicos de sus caballos, yeguas y potros, ya que en cierto modo la estética de sus caballos se ve afectada, por lo que es esencial una buena anamnesis y exploración clínica, a la vez que una precisa recogida de muestras para conseguir un diagnóstico definitivo y llevar a cabo un tratamiento efectivo. <br /><br />
000108245 521__ $$aGraduado en Veterinaria
000108245 540__ $$aDerechos regulados por licencia Creative Commons
000108245 700__ $$aVerde Arribas, Maite $$edir.
000108245 700__ $$aConde Ayuda, Tomás$$edir.
000108245 7102_ $$aUniversidad de Zaragoza$$bPatología Animal$$cMedicina y Cirugía Animal
000108245 8560_ $$f744510@unizar.es
000108245 8564_ $$s861461$$uhttps://zaguan.unizar.es/record/108245/files/TAZ-TFG-2021-1479.pdf$$yMemoria (spa)
000108245 909CO $$ooai:zaguan.unizar.es:108245$$pdriver$$ptrabajos-fin-grado
000108245 950__ $$a
000108245 951__ $$adeposita:2021-11-08
000108245 980__ $$aTAZ$$bTFG$$cVET
000108245 999__ $$a20210617124604.CREATION_DATE